Soul Search: (Record no. 3698)

MARC details
000 -LEADER
fixed length control field 00600nam a2200193Ia 4500
003 - CONTROL NUMBER IDENTIFIER
control field OSt
005 - DATE AND TIME OF LATEST TRANSACTION
control field 20241126110501.0
008 - FIXED-LENGTH DATA ELEMENTS--GENERAL INFORMATION
fixed length control field 160603b xxu||||| |||| 00| 0 eng d
020 ## - INTERNATIONAL STANDARD BOOK NUMBER
International Standard Book Number 0830711007
040 ## - CATALOGING SOURCE
Transcribing agency gbc
082 ## - DEWEY DECIMAL CLASSIFICATION NUMBER
Classification number 223.807
Item number RIC
100 ## - MAIN ENTRY--PERSONAL NAME
Personal name Ricker, Robert S.
9 (RLIN) 7326
245 ## - TITLE STATEMENT
Title Soul Search:
Remainder of title Hope For 21st Century Living From Ecclesiastes /
Statement of responsibility, etc. Robert S. Ricker with Ron Pitkin
260 ## - PUBLICATION, DISTRIBUTION, ETC.
Name of publisher, distributor, etc. Regal Books,
Place of publication, distribution, etc. California:
Date of publication, distribution, etc. 1985
300 ## - PHYSICAL DESCRIPTION
Extent 152p.;
Dimensions 20 cm.
440 ## - SERIES STATEMENT/ADDED ENTRY--TITLE
Title A Bible Commentary for Laymen
9 (RLIN) 7327
650 ## - SUBJECT ADDED ENTRY--TOPICAL TERM
Topical term or geographic name entry element Bible-O.T.
Form subdivision Poetic Books
General subdivision Ecclesiastes
9 (RLIN) 7549
942 ## - ADDED ENTRY ELEMENTS (KOHA)
Source of classification or shelving scheme Dewey Decimal Classification
Koha item type Books
Koha issues (borrowed), all copies 8
Holdings
Withdrawn status Lost status Source of classification or shelving scheme Damaged status Not for loan Home library Current Library Shelving location Date acquired Total checkouts Full call number Barcode Date last seen Copy number Price effective from Koha item type Date last checked out
    Dewey Decimal Classification     GRACE BIBLE COLLEGE GRACE BIBLE COLLEGE Biblical Studies 2017-12-05   223.807 RIC 011647 2025-05-01 c.5 2017-12-05 Books  
    Dewey Decimal Classification     GRACE BIBLE COLLEGE GRACE BIBLE COLLEGE Biblical Studies 2017-12-05 2 223.807 RIC 011646 2025-05-01 c.4 2017-12-05 Books 2024-01-29
    Dewey Decimal Classification     GRACE BIBLE COLLEGE GRACE BIBLE COLLEGE Biblical Studies 2017-12-05 1 223.807 RIC 011645 2025-05-01 c.3 2017-12-05 Books 2024-01-29
    Dewey Decimal Classification     GRACE BIBLE COLLEGE GRACE BIBLE COLLEGE Biblical Studies 2017-12-05   223.807 RIC 011648 2025-05-01 c.6 2017-12-05 Books  
    Dewey Decimal Classification     GRACE BIBLE COLLEGE GRACE BIBLE COLLEGE Biblical Studies 2017-12-05 2 223.807 RIC 011651 2025-05-01 c.9 2017-12-05 Books 2024-01-29
    Dewey Decimal Classification     GRACE BIBLE COLLEGE GRACE BIBLE COLLEGE Biblical Studies 2017-12-05   223.807 RIC 011650 2025-05-01 c.8 2017-12-05 Books  
    Dewey Decimal Classification     GRACE BIBLE COLLEGE GRACE BIBLE COLLEGE Biblical Studies 2017-12-05 2 223.807 RIC 011644 2025-05-01 c.2 2017-12-05 Books 2024-01-30
    Dewey Decimal Classification     GRACE BIBLE COLLEGE GRACE BIBLE COLLEGE Biblical Studies 2017-12-05   223.807 RIC 011643 2025-05-01 c.1 2017-12-05 Books  
    Dewey Decimal Classification     GRACE BIBLE COLLEGE GRACE BIBLE COLLEGE Biblical Studies 2017-12-05 1 223.807 RIC 011649 2025-05-01 c.7 2017-12-05 Books 2020-02-25
© Grace Bible College Library 2025